| 000 | 02065cam a22004694i 4500 | ||
|---|---|---|---|
| 003 | PE-LiUPU | ||
| 005 | 20250731173315.0 | ||
| 008 | 150625s1999 ck r 000 0 spa d | ||
| 020 | _a0825417112 | ||
| 035 | _a(Sirsi) i9780825417115 | ||
| 040 |
_aPE-LiUPU _bspa _cPE-LiUPU _erda |
||
| 049 | _aPRUA | ||
| 082 | 0 | 4 |
_a221.61 _bR97 _221 |
| 100 | 1 |
_aRutschman, Laverne, _eautor. |
|
| 245 | 1 | 0 |
_aCaminando por el Antiguo Testamento : _bguía para el estudio introductorio. _n1 / _cLaverne Rutschman. |
| 250 | _a2a | ||
| 264 | 1 |
_aBogotá : _bEdiciones Clara, _c1999. |
|
| 300 |
_a187 páginas ; _c27 centímetros |
||
| 336 |
_atext _2rdacontent |
||
| 337 |
_aunmediated _2rdamedia |
||
| 338 |
_avolume _2rdacarrier |
||
| 505 | 0 | _aIntroducción al antiguo testamento I: origen de las escrituras -- El antiguo testamento como texto sagrado: su inspiración divina -- El mundo del antiguo testamento: las tierras y los pueblos -- El Pentateuco Génesis 1 a 11 -- El Pentateuco Génesis 12 a 50 -- El Pentateuco Exódo -- El Pentateuco Levítico y Números -- El Pentateuco Deuteronomio -- Los profetas anteriores Josué -- Los protetas anteriores Jueces -- Los profetas anteriores I y II de Samuel -- Los profetas anteriores I y II de Reyes. | |
| 526 | _aSEG42 | ||
| 526 | _aSEG41 | ||
| 526 | _aSEG40 | ||
| 526 | _aSEG39 | ||
| 526 | _aP94 | ||
| 526 | _aP87 | ||
| 526 | _aP86 | ||
| 526 | _aP85 | ||
| 526 | _aP77 | ||
| 526 | _aP76 | ||
| 526 | _aP35 | ||
| 541 | _g001-0000127; | ||
| 630 |
_aBiblia. _pA.T. _PG énesis-Reyes 2 _vGuías. |
||
| 630 |
_aBiblia. _pA.T. _xIntroducciones. |
||
| 942 |
_2ddc _cBOOK |
||
| 949 |
_a221.61 R97 1 _wDEWEY _c1 _i56404 _lCCODEBUL1 _mBUL _p34.86 _r0 _sY _tBOOK _u2015-6-25 _xTEOLOGIA _zUNKNOWN _0COMPRA _o.STAFF. Colección Teología |
||
| 994 |
_aC0 _bPEPRU |
||
| 596 | _a1 | ||
| 999 |
_a221.61 R97 1 _wDEWEY _c45656 _i56404 _d45656 _e2017-5-30 _f2021-11-9 _g5 _lCCODEBUL1 _mBUL _n1 _p34.86 _q5 _r0 _sY _tBOOK _u2015-6-25 _xTEOLOGIA _PP35 _0COMPRA _o.STAFF. Colección Teología |
||
| 980 |
_81 _gALBERTO SANCHEZ Responsable de Automatización |
||